|
|
|
|
| LEADER |
00000naa2a2200000 4500 |
| 001 |
619071 |
| 005 |
20231101133037.0 |
| 035 |
|
|
|a (RuTPU)RU\TPU\conf\17475
|
| 035 |
|
|
|a RU\TPU\conf\17473
|
| 090 |
|
|
|a 619071
|
| 100 |
|
|
|a 20160803d2016 k y0rusy50 ca
|
| 101 |
0 |
|
|a rus
|d eng
|
| 102 |
|
|
|a RU
|
| 105 |
|
|
|a y z 101zy
|
| 135 |
|
|
|a drgn ---uucaa
|
| 181 |
|
0 |
|a i
|
| 182 |
|
0 |
|a b
|
| 200 |
1 |
|
|a Исследование влияния температуры на морфологию и фазовые изменения вольфрамата циркония
|d Stydy of temperature influence on morphology and the phase transformation of ZrW[2]O[8]
|f В. Ше [и др.]
|
| 203 |
|
|
|a Текст
|c электронный
|
| 225 |
1 |
|
|a Проблемы прочности, пластичности и усталостной долговечности современных конструкционных материалов
|
| 230 |
|
|
|a 1 компьютерный файл (pdf; 654 Кб)
|
| 300 |
|
|
|a Заглавие с титульного экрана
|
| 320 |
|
|
|a [Библиогр.: с. 104 (7 назв.)]
|
| 330 |
|
|
|a In the course of the work the influence of temperature on the morphology and phase transformation of ZrW[2]O[7](OH, Cl)[2]∙2H[2]O and ZrW[2]O[8]was studied. X-ray diffraction study of the phase composition was performed. The precursor ZrW[2]O[7](OH, Cl)[2]∙2H[2]O was decomposed to X-ray amorphous state above 200 °С with the subsequent formation and growth of crystals ZrW[2]O[8] up to 600 °С. Above 800 °С zirconium tungstate was decomposed into ZrO[2]and WO[3].
|
| 463 |
|
0 |
|0 (RuTPU)RU\TPU\conf\17108
|t Материалы и технологии новых поколений в современном материаловедении
|o сборник трудов Международной конференции, г. Томск, 9-11 июня 2016 г.
|f Национальный исследовательский Томский политехнический университет (ТПУ) ; Российская академия наук (РАН), Сибирское отделение (СО), Институт физики прочности и материаловедения (ИФПМ)
|v [С. 100-104]
|d 2016
|
| 510 |
1 |
|
|a Stydy of temperature influence on morphology and the phase transformation of ZrW[2]O[8]
|z eng
|
| 610 |
1 |
|
|a труды учёных ТПУ
|
| 610 |
1 |
|
|a электронный ресурс
|
| 610 |
1 |
|
|a температура
|
| 610 |
1 |
|
|a морфология
|
| 610 |
1 |
|
|a фазовые изменения
|
| 610 |
1 |
|
|a вольфрамат циркония
|
| 701 |
|
1 |
|a Ше
|b В.
|
| 701 |
|
1 |
|a Дедова
|b Е. С.
|
| 701 |
|
1 |
|a Губанов
|b А. И.
|
| 701 |
|
1 |
|a Кульков
|b С. Н.
|c специалист в области материаловедения
|c профессор Томского политехнического университета, доктор физико-математических наук
|f 1952-
|g Сергей Николаевич
|2 stltpush
|3 (RuTPU)RU\TPU\pers\28994
|
| 712 |
0 |
2 |
|a Национальный исследовательский Томский политехнический университет (ТПУ)
|b Институт физики высоких технологий (ИФВТ)
|b Кафедра материаловедения в машиностроении (ММС)
|h 74
|2 stltpush
|3 (RuTPU)RU\TPU\col\18688
|
| 801 |
|
2 |
|a RU
|b 63413507
|c 20160826
|g RCR
|
| 856 |
4 |
|
|u http://earchive.tpu.ru/handle/11683/30993
|
| 942 |
|
|
|c BK
|